History Quiz

Random History or Art Quiz

Famous Painting by Original Title Quiz Stats

 Plays Quiz not verified by Sporcle

Score 0/8 Timer 02:00
0 Plays Today
% Correct
The Great Wave Off Kanagawa
90.5%
The Birth of Venus
89.9%
The Scream
89.7%
Wanderer over the Sea of Fog
86.1%
The Last Supper
85.9%
Starry Night
84.7%
Girl with the Pearl Earring
81.5%
Son of Man
76.3%

You're not logged in!

Compare scores with friends on all Sporcle quizzes.
OR
Log In

Sporcle TV

Today on Sporcle TV


Watch our educational content, quiz creation guides, and fun videos on Sporcle TV.

Show Comments

Extras

Top Quizzes Today


Score Distribution

Your Account Isn't Verified!

In order to create a playlist on Sporcle, you need to verify the email address you used during registration. Go to your Sporcle Settings to finish the process.

Report this User

Report this user for behavior that violates our Community Guidelines.

Details: